| 000 | 00504nam a2200205Ia 4500 | ||
|---|---|---|---|
| 999 |
_c93574 _d93574 |
||
| 003 | 0100 | ||
| 005 | 20190719121627.0 | ||
| 008 | 130307s9999 xx 000 0 und d | ||
| 020 | _a0198287976 | ||
| 040 | _cARRUPELIB | ||
| 050 | _aHN25.Q33 1993 | ||
| 245 | 4 | _aThe Quality of Life | |
| 260 |
_aOxford _bClarendon Press _c1993 |
||
| 300 | _axi | ||
| 300 | _b453p. 24cm. | ||
| 440 |
_astudies in development economics _942157 |
||
| 650 |
_aQuality of Life _xCongresses _947330 |
||
| 650 |
_aPublic Welfare _xCongresses _947331 |
||
| 650 |
_aHuman Services _xCongresses _947332 |
||
| 650 |
_aSocial Values _xCongresses _xNussbaun, Martha Craven _y1947 _947333 |
||
| 650 |
_aSen Amartya Kumar _xWorld Institute for Development Economic Research _947334 |
||
| 700 |
_aNussbaum, Martha and Sen, Amartya (eds.) _947335 |
||
| 942 |
_2lcc _cMONOGRAPH |
||